| 000 | 005080000a22001810004500 | ||
|---|---|---|---|
| 003 | MACL | ||
| 005 | 20160317170556.0 | ||
| 008 | 160317b xxu||||| |||| 00| 0 eng d | ||
| 040 |
_aMACL _cMACL |
||
| 041 | _aHindi | ||
| 082 | _a920 | ||
| 100 |
_aराय ब्रहम्देव _947086 |
||
| 245 | _aआचार्य-त्रयी | ||
| 260 |
_bअनिल प्रकाशन _c1979 _aइलाहाबाद |
||
| 350 | _a30 | ||
| 650 |
_aBiography _947087 |
||
| 942 |
_cHIN _k920 _2ddc |
||
| 999 |
_c26800 _d26800 |
||